000 00602nam a22001577a 4500
999 _c534008
_d534008
020 _qHard Cover.
082 _a570.5
100 _aHanif,Javaria
245 _aBiological synthesis of silver nanoparticles from Artemisia scoparia Waldst & Kit, Rhazya stricta Dcne and Libellulidae and their industrial applications /
_cJavaria Hanif.
260 _aIslamabad :
_bASAB - NUST,
_c2014.
300 _axxiii, 164 p. ill. ;
_c30cm.
942 _2ddc
_cTHE
650 _aApplied Biosciences MS-Thesis.
_928028
700 _aDr. Hussain Janjua.
_928109